| 000 | 00496nam a22001817a 4500 | ||
|---|---|---|---|
| 003 | OSt | ||
| 005 | 20140310182453.0 | ||
| 008 | 130221t xxu||||| |||| 00| 0 eng d | ||
| 020 | _a9780071625913 | ||
| 050 |
_aQP 514 _b.H293 2006 |
||
| 245 |
_aHarper's illustrated biochemistry _cRobert K. Murray ... [et al.] |
||
| 250 | _a28th ed. | ||
| 260 |
_aNew York : _bMcGraw-Hill Medical, _cc2009. |
||
| 300 |
_a693 p. : _bill. ; _c28 cm. |
||
| 942 |
_2lcc _cSSLC |
||
| 999 |
_c13696 _d13696 |
||